| 000 | 00701nam a22001817a 4500 | ||
|---|---|---|---|
| 008 | 150226b xxu||||| |||| 00| 0 eng d | ||
| 020 | _a0862325471 | ||
| 050 | _aPR9340.A56 | ||
| 100 |
_aAmuta, Chidi _915583 |
||
| 245 |
_aThe Theory Of African literature _bimplications for practical criticism _c/ Chidi Amuta |
||
| 260 |
_aLondon _bZed books _c1989 |
||
| 300 |
_a206p. ; _c22cm. |
||
| 650 |
_aAfrican literature _xHistory and criticism _xTheory _916156 |
||
| 650 |
_aCriticism _xHistory _y20th century _zAfrica _916157 |
||
| 650 |
_aLiterature and society _xHistory and criticism _zAfrica _916158 |
||
| 650 |
_aPolitics and literature _xHistory _y20th century _zAfrica _916159 |
||
| 942 |
_2lcc _cMONOGRAPH _02 |
||
| 999 |
_c122212 _d122212 |
||